15 Minutes - Sabrina Carpenter (All Lyrics) - Statistics

General Stats
  • This quiz has been taken 207 times
  • The average score is 272 of 327
Answer Stats
Lyrics % Correct
do
100%
I
100%
(I
100%
a
99%
can
98%
can)
98%
lot
98%
Lot
98%
minutes
97%
fifteen
96%
You,
96%
you,
96%
you
96%
you)
96%
You
96%
of
94%
boys,
93%
on
93%
with
93%
make
92%
pretty
92%
Take
92%
take
92%
to
92%
two
92%
gonna
91%
me
91%
me,
91%
finish
90%
(Finish,
90%
so
90%
The
90%
the
90%
funny
89%
it
89%
it,
89%
know
89%
Only
89%
some
89%
business
88%
couple
88%
into
88%
millions
87%
'em
86%
turn
86%
bucks,
85%
It's
85%
it's
85%
somethin'
85%
When
85%
when
85%
(When
85%
all
84%
(All
84%
But
84%
time,
84%
time
84%
Where
84%
is
83%
my
83%
(My,
83%
my)
83%
I'm
82%
Oh
82%
oh
82%
Oh,
82%
that
82%
baby
81%
baby)
81%
clock
81%
doin'
81%
like
81%
off,
81%
right
81%
tickin'
81%
get
80%
lately
80%
missin'
80%
show
80%
you're
80%
come
79%
did
79%
people
79%
what
79%
from?
78%
guess
78%
matter
78%
Piss
78%
they're
78%
bitches
77%
night
77%
every
76%
Hard
76%
hope
76%
just
76%
means
76%
we're
76%
alive
75%
(Alive,
75%
alive,
75%
alive)
75%
die
75%
die)
75%
these
75%
through
75%
eat
74%
guy
74%
hold
74%
nice?
74%
no
74%
no)
74%
battery
73%
don't
73%
I'll
73%
life
73%
out
73%
parties
73%
And
71%
between
71%
hot,
71%
pictures
71%
crazy
70%
long
70%
maybe
70%
there's
70%
time's
70%
eyes
69%
fleetin'
69%
high
69%
high)
69%
gosh,
68%
here
68%
Say
68%
Been
67%
brain
67%
conversations
67%
(Conversations
67%
up,
67%
yeah,
66%
leak
65%
Runnin'
65%
(Ah)
64%
hopin'
64%
batshit
63%
woodwork
62%
babe
50%
Well,
50%
(Ooh,
48%
uh
46%
Uh,
46%
(Sure
28%
(Tell
27%
wrong)
14%
Uh-uh.
13%
uh-uh,
13%
(Na-na-na)
12%
No matching quizzes found
Score Distribution
Percent of People with Each Score
Percentile by Number Answered
Your Score History
You have not taken this quiz